1204 1838 1669 1934 1574 1871 1599 1448 1624 1142 1531 1297 1198 1345 1857 1569 1797 1747 1219 1619 1334 1254 1006 1947 1355 1717 1177 1540 1540 1689 1157 1458 1665 1419 1885 1678 1527 1153 1634 1163 1189 1877 1894 1742 1301 1831 1689 1412 1494 1238 1869 1598 1847 1929 1851 1471 1972 1406 1763 1298 1579 1522 1418 1622 1765 1291 1776 1028 1640 1104 1048 1531 1922 1886 1085 1749 1313 1934 1205 1643 1416 1603 1823 1815 1588 1955 1494 1657 1423 1100 1726 1173 1119 1770 1662 1295 1347 1269 1529 BCNSPRNW ULIB Ver.6.0+V

เปลี่ยนเป็นภาษาไทย

Change to English
 แสดงรายละเอียดบรรณานุกรม
  กลับหน้าหลัก

Brief Record : Get Marc (ISO 2709) : E-mail record : QR code < ปิดหน้าต่าง
LEADER : 00000nam 2200000uu 4500
001    13399107677
003     ULIB
008    110120s2553th 000 0 tha d
020    9789746725118
040    bsi
060 04 WB100^bอ585 2553
245 00 อาการวิทยาทางอายุรศาสตร์ /^cบรรณาธิการ, เมตตาภรณ์พรพัฒน์กุล, ขจรศักดิ์ นพคุณ
250    พิมพ์ครั้งที่ 1
260    เชียงใหม่ :^bภาควิชาอายุรศาสตร์ คณะแพทยศาสตร์มหาวิทยาลัยเชียงใหม่,^c2553
300    429 หน้า :^bภาพประกอบ ;^c30 ซม.
650  7 การรักษาโรค
650  7 อายุรศาสตร์^vรวมเรื่อง
650  7 อาการช็อก
650  7 อาการใจสั่น
650  7 อาการเหนื่อย
650  7 การเต้นของหัวใจผิดปกติ
650  7 อาการปวดท้อง
650  7 อาการ^vรวมเรื่อง
700 0  เมตตาภรณ์ พรพัฒน์กุล,^eบรรณาธิการ
700 0  ขจรศักดิ์ นพคุณ,^eบรรณาธิการ
710 2  มหาวิทยาลัยเชียงใหม่. ^bคณะแพทยศาสตร์.^bภาควิชาอายุรศาสตร์
945    ^p400^l0^i029316
945    ^p400^l0^i029317
945    ^p400^l0^i029318
945    ^p400^l0^i029319
945    ^p400^l0^i029320
945    ^p400^l0^i029321
945    ^p400^l0^i029322
995    เกษร
999 ^a ใช้งานได้ทุกระบบ
รายการนี้ยังไม่มีแท็ก
คุณยังไม่ได้ล็อกอิน คุณสามารถมีกิจกรรมร่วมกับเว็บไซต์ได้ แต่ต้องล็อกอินก่อน ::
  ล็อกอิน

รายการสื่อสารสนเทศ

ลำดับที่ ประเภท เลขเรียก/บาร์โค้ด สถานที่ สถานะ
1. วิทยาศาสตร์การแพทย์ และสุขภาพ
วิทยาศาสตร์การแพทย์ และสุขภาพ
WB100 อ585 2553 ฉ.1 
  Barcode: 029316
ห้องสมุดวิทยาเขตสวรรค์ประชารักษ์
►ส่วนจัดเก็บหนังสือเก่า สปร
บนชั้น
  ขอยืม
2. วิทยาศาสตร์การแพทย์ และสุขภาพ
วิทยาศาสตร์การแพทย์ และสุขภาพ
WB100 อ585 2553 ฉ.2 
  Barcode: 029317
ห้องสมุดวิทยาเขตสวรรค์ประชารักษ์
►ส่วนจัดเก็บหนังสือเก่า สปร
บนชั้น
  ขอยืม
3. วิทยาศาสตร์การแพทย์ และสุขภาพ
วิทยาศาสตร์การแพทย์ และสุขภาพ
WB100 อ585 2553 ฉ.3 
  Barcode: 029318
ห้องสมุดวิทยาเขตสวรรค์ประชารักษ์
►ส่วนจัดเก็บหนังสือเก่า สปร
บนชั้น
  ขอยืม
4. วิทยาศาสตร์การแพทย์ และสุขภาพ
วิทยาศาสตร์การแพทย์ และสุขภาพ
WB100 อ585 2553 ฉ.4 
  Barcode: 029319
ห้องสมุดวิทยาเขตสวรรค์ประชารักษ์
►ส่วนจัดเก็บหนังสือเก่า สปร
บนชั้น
  ขอยืม
5. วิทยาศาสตร์การแพทย์ และสุขภาพ
วิทยาศาสตร์การแพทย์ และสุขภาพ
สถานะ=หนังสือเก่า
WB100 อ585 2553 ฉ.5 
  Barcode: 029320
ห้องสมุดวิทยาเขตสวรรค์ประชารักษ์
►ส่วนจัดเก็บหนังสือเก่า สปร
ถูกยืม กำหนดส่งวันที่ 4 กรกฎาคม 2568
  จอง
6. วิทยาศาสตร์การแพทย์ และสุขภาพ
วิทยาศาสตร์การแพทย์ และสุขภาพ
WB100 อ585 2553 ฉ.6 
  Barcode: 029321
ห้องสมุดวิทยาเขตสวรรค์ประชารักษ์
►ส่วนจัดเก็บหนังสือเก่า สปร
บนชั้น
  ขอยืม
7. วิทยาศาสตร์การแพทย์ และสุขภาพ
วิทยาศาสตร์การแพทย์ และสุขภาพ
WB100 อ585 2553 ฉ.7 
  Barcode: 029322
ห้องสมุดวิทยาเขตสวรรค์ประชารักษ์
►ส่วนจัดเก็บหนังสือเก่า สปร
บนชั้น
  ขอยืม

รายการใกล้เคียง
    หัวเรื่อง [การรักษาโรค]
    หัวเรื่อง [อาการช็อก]
    หัวเรื่อง [อาการใจสั่น]
    หัวเรื่อง [อาการเหนื่อย]
    หัวเรื่อง [การเต้นของหัวใจผิดปกติ]
    หัวเรื่อง [อาการปวดท้อง]

BibComment


ยังไม่เคยถูกคอมเมนท์

คอมเมนท์ทรัพยากรรายการนี้
  คอมเมนท์: อาการวิทยาทางอายุ..


 Copyright 2026. Bcnsprnw @Library